=LDR 00000nam 2200000 4500 =001 INLIS00000000000013 =005 20260702043538 =020 ##$$a 978-623-928-732-0 =082 ##$$a 155.422 =100 1#$$a Muakhir, Ali =245 1 $$a Bayi Yang Bisa Bicara /$c Ali Muakhir =300 ##$$a 24 ; 18 x 18 cm